| 000 | 00397nam a2200133 i 4500 | ||
|---|---|---|---|
| 001 | bg | ||
| 100 | 1 | _aWÓJCIK, M. | |
| 245 | 0 |
_aWyznaczanie pomieszczeń pionowych i ugięć konstrukcji budowlanych zmodyfikowaną metodą trygonometryczną (różnicową). / _cM. Wójcik. |
|
| 260 | _aPoznań 1990. | ||
| 040 | _cBPK | ||
| 041 | _apol | ||
| 942 | _cKS | ||
| 008 | s pl f |000 0 pol | ||
| 999 |
_c29276 _d29276 |
||
| 856 |
_uhttp://koha.tu.koszalin.pl/cgi-bin/koha/opac-detail.pl?biblionumber=29276 _yKatalog online BPK |
||